| 000 | 00377nam a2200157Ia 4500 | ||
|---|---|---|---|
| 005 | 20250424030611.0 | ||
| 008 | 240331s9999 xx 000 0 und d | ||
| 020 | _a8187477997 | ||
| 082 |
_bPav _a894 |
||
| 100 | _aPavannan, | ||
| 245 | 0 | _aAazattai ariyum payanam | |
| 260 |
_aNagercovil _bKalachuvadu Pathippagam _c2004 |
||
| 300 | _a254 p ., | ||
| 650 | _aEssays | ||
| 942 | _cL | ||
| 999 |
_c3791 _d3791 |
||